<?xml version="1.0" encoding="UTF-8"?>
<record
    xmlns:xsi="http://www.w3.org/2001/XMLSchema-instance"
    xsi:schemaLocation="http://www.loc.gov/MARC21/slim http://www.loc.gov/standards/marcxml/schema/MARC21slim.xsd"
    xmlns="http://www.loc.gov/MARC21/slim">

  <leader>01196    a2200229   4500</leader>
  <controlfield tag="003">Nust</controlfield>
  <controlfield tag="005">20230523123822.0</controlfield>
  <datafield tag="010" ind1=" " ind2=" ">
    <subfield code="a">   79027769</subfield>
  </datafield>
  <datafield tag="020" ind1=" " ind2=" ">
    <subfield code="a">0312352166 :</subfield>
  </datafield>
  <datafield tag="040" ind1=" " ind2=" ">
    <subfield code="c">Nust</subfield>
  </datafield>
  <datafield tag="082" ind1="0" ind2="0">
    <subfield code="a">001.94,STO</subfield>
  </datafield>
  <datafield tag="100" ind1="1" ind2=" ">
    <subfield code="a">Story, Ronald.</subfield>
    <subfield code="9">112536</subfield>
  </datafield>
  <datafield tag="245" ind1="1" ind2="0">
    <subfield code="a">Guardians of the universe? /</subfield>
    <subfield code="c">Ronald Story.</subfield>
  </datafield>
  <datafield tag="260" ind1=" " ind2=" ">
    <subfield code="a">New York :</subfield>
    <subfield code="b">St. Martin's Press,</subfield>
    <subfield code="c">c1980.</subfield>
  </datafield>
  <datafield tag="300" ind1=" " ind2=" ">
    <subfield code="a">207 p., [24] leaves of plates :</subfield>
    <subfield code="b">ill. ;</subfield>
    <subfield code="c">22 cm.</subfield>
  </datafield>
  <datafield tag="505" ind1=" " ind2=" ">
    <subfield code="a">The Von Dakniken Mystique (Page-15), Other God Seekers (Page-21), God as Astronaut (Page-29), The Dawn of Man (Page-45), &#x201C;Mysteries&#x201D; Of Ancient Mexico and South America (Page-53), The Stone Giants of Easter Island (Page-69), In the Land of the Pharaohs (Page-77), Collector&#x2019;s Miscellany (Page-89), The Tunguska Event (Page-95), Ancient UFOs and Contact (Page-101), The Sirius Mystery Solve (Page-113), EXO Theology The Religion of  Outer Space (Page-127), UFOs: A Genuine Mystery  (Page-139).</subfield>
  </datafield>
  <datafield tag="600" ind1="1" ind2="0">
    <subfield code="a">D&#x886E;iken, Erich von,</subfield>
    <subfield code="d">1935-</subfield>
    <subfield code="9">112537</subfield>
  </datafield>
  <datafield tag="650" ind1=" " ind2="0">
    <subfield code="a">Civilization, Ancient</subfield>
    <subfield code="x">Extraterrestrial influences.</subfield>
    <subfield code="9">112538</subfield>
  </datafield>
  <datafield tag="650" ind1=" " ind2="0">
    <subfield code="a">Life on other planets.</subfield>
    <subfield code="9">112539</subfield>
  </datafield>
  <datafield tag="650" ind1=" " ind2="0">
    <subfield code="a">Unidentified flying objects.</subfield>
    <subfield code="9">112540</subfield>
  </datafield>
  <datafield tag="942" ind1=" " ind2=" ">
    <subfield code="2">ddc</subfield>
    <subfield code="c">BKB </subfield>
  </datafield>
  <datafield tag="999" ind1=" " ind2=" ">
    <subfield code="c">176060</subfield>
    <subfield code="d">176060</subfield>
  </datafield>
  <datafield tag="952" ind1=" " ind2=" ">
    <subfield code="0">0</subfield>
    <subfield code="1">0</subfield>
    <subfield code="2">ddc</subfield>
    <subfield code="4">0</subfield>
    <subfield code="7">0</subfield>
    <subfield code="a">MCS</subfield>
    <subfield code="b">MCS</subfield>
    <subfield code="c">GEN</subfield>
    <subfield code="d">2016-12-12</subfield>
    <subfield code="o">001.94,STO</subfield>
    <subfield code="p">MCS3300</subfield>
    <subfield code="r">2016-12-08</subfield>
    <subfield code="w">2016-12-12</subfield>
    <subfield code="y">BK</subfield>
    <subfield code="z">Almirah No.79, Shelf No.1</subfield>
  </datafield>
</record>
